Marvel Alter Egos - Statistics

General Stats
  • This quiz has been taken 26 times
    18 since last reset
  • The average score is 55 of 81
Answer Stats
Name Alter Ego % Correct
Natasha Romanoff Black Widow
94%
Steve Rogers Captain America
94%
Stephen Strange Doctor Strange
94%
Peter Quill Star-Lord
94%
Ben Grimm Thing
94%
Hank Pym Ant-Man
88%
T'Challa Black Panther
88%
Carol Danvers Captain Marvel
88%
Norman Osborn Green Goblin
88%
Tony Stark Iron Man
88%
Reed Richards Mr. Fantastic
88%
Peter Parker Spider-Man
88%
Miles Morales Spider-Man
88%
Eddie Brock Venom
88%
Scott Lang Ant-Man
81%
Matt Murdock Daredevil
81%
Wade Wilson Deadpool
81%
Victor von Doom Doctor Doom
81%
Sam Wilson Falcon | Captain America
81%
Bruce Banner Hulk
81%
Johnny Storm Human Torch
81%
Sue Storm Invisible Woman
81%
Wilson Fisk Kingpin
81%
Michael Morbius Morbius
81%
Wanda Maximoff Scarlet Witch
81%
James Howlett Wolverine
81%
Scott Summers Cyclops
75%
Otto Octavius Doctor Octopus
75%
Clint Barton Hawkeye
75%
Curt Conners Lizard
75%
Charles Xavier Professor X
75%
Frank Castle Punisher
75%
James Rhodes War Machine
75%
Bucky Barnes Winter Soldier
75%
Johnny Blaze Ghost Rider
69%
Bobby Drake Iceman
69%
Quentin Beck Mysterio
69%
Aaron Davis Prowler
69%
Pietro Maximoff Quicksilver
69%
Flint Marko Sandman
69%
Jennifer Walters She-Hulk
69%
Hope van Dyne Wasp
69%
Janet van Dyne Wasp
69%
Felicia Hardy Black Cat
63%
Shuri Black Panther
63%
Cletus Kasady Carnage
63%
Jubilation Lee Jubilee
63%
Jean Grey Phoenix
63%
Thaddeus Ross Red Hulk
63%
Miguel O'Hara Spider-Man 2099
63%
Ororo Monroe Storm
63%
Hank McCoy Beast
56%
Nathan Summers Cable
56%
Piotr Rasputin Colossus
56%
Remy LeBeau Gambit
56%
Alex Summers Havok
56%
Erik Lehnsherr Magneto
56%
Marc Spector Moon Knight
56%
Kurt Wagner Nightcrawler
56%
Norrin Radd Silver Surfer
56%
Jessica Drew Spider-Woman
56%
Adrian Toomes Vulture
56%
Emil Blonsky Abomination
50%
Warren Washington III Angel
50%
Eric Brooks Blade
50%
Max Dillon Electro
50%
Danny Rand Iron Fist
50%
Martin Li Mister Negative
50%
Kamala Khan Ms. Marvel
50%
Aleksei Sytsevich Rhino
50%
Ben Reilly Scarlet Spider
50%
Mac Gargan Scorpion
50%
Herman Schultz Shocker
50%
Blackagar Boltagon Black Bolt
44%
Raven Darkhölme Mystique
44%
Anna Marie Rogue
44%
Victor Creed Sabretooth
44%
Hobie Brown Spider-Punk
44%
Tony Masters Taskmaster
44%
John Walker US Agent
44%
Riri Williams Ironheart
38%
No matching quizzes found
Score Distribution
Percent of People with Each Score
Percentile by Number Answered
Your Score History
You have not taken this quiz since the last reset